000
00291nam a22001337a 4500
008
171127b xxu||||| |||| 00| 0 eng d
020
_a
9789951437431
041
_a
alb
080
_a
32
100
_a
20
101
_a
SHP
245
_a
NDËRTIMI LIBERAL I PAQES
_c
ILAZI,R
942
_2
udc
_c
BK
999
_c
38589
_d
38589